Výpočet rastu celkovej produktivity faktorov na Slovensku v rokoch 1999-2006
Zdroje dlhodobého ekonomického rastu sú ovplyvňované ponukovými faktormi a to kapitálom, prácou a technologickým pokrokom. Využitie rastového účtovníctva, ktoré je založené na štandardnej neoklasickej produkčnej funkcii. Analýza zdrojov ekonomického rastu v Slovenskej republike v rokoch 1999-2006, p...
Uložené v:
| Hlavný autor: | |
|---|---|
| Médium: | Kapitola |
| Jazyk: | Slovak |
| Predmet: | |
| Tagy: |
Žiadne tagy, Buďte prvý, kto otaguje tento záznam!
|
MARC
| LEADER | 00000nla$a2200000$$$4500 | ||
|---|---|---|---|
| 001 | 0076137 | ||
| 005 | 20240502071906.3 | ||
| 041 | 0 | |a slo | |
| 044 | |a SK | ||
| 245 | 1 | 0 | |a Výpočet rastu celkovej produktivity faktorov na Slovensku v rokoch 1999-2006 |c Martin Lábaj |
| 520 | |a Zdroje dlhodobého ekonomického rastu sú ovplyvňované ponukovými faktormi a to kapitálom, prácou a technologickým pokrokom. Využitie rastového účtovníctva, ktoré je založené na štandardnej neoklasickej produkčnej funkcii. Analýza zdrojov ekonomického rastu v Slovenskej republike v rokoch 1999-2006, pričom sa poukazuje na nevyhnutnosť zohľadňovať pri komparatívnych analýzach špecifiká slovenskej ekonomiky. | ||
| 610 | 2 | 0 | |a Slovensko |
| 610 | 2 | 0 | |a rast hospodársky |
| 610 | 2 | 0 | |a kapitál |
| 610 | 2 | 0 | |a zamestnanosť |
| 610 | 2 | 0 | |a inovácia |
| 100 | 1 | |a Lábaj, Martin, 1982- | |